| 000 | 00639nam a2200253Ia 4500 | ||
|---|---|---|---|
| 008 | 160803s9999 xx 000 0 und d | ||
| 020 | _a0 439086302 | ||
| 100 | _aKraus, Robert | ||
| 245 | _aHerman the helper / | ||
| 245 | _cby Robert Kraus ; pictures by Jose Aruego & Ariane Dewey. | ||
| 260 | _aNew York : | ||
| 260 | _bScholastic Inc. | ||
| 260 | _c1974 | ||
| 300 | _a32 pages : | ||
| 300 | _bcolior illustrations ; | ||
| 300 | _c28 cm | ||
| 650 | _aBrotherliness -- | ||
| 650 | _aHelpfulness -- | ||
| 650 | _aOctopuses -- | ||
| 650 | _xFiction. | ||
| 650 | _xFiction. | ||
| 650 | _xFiction. | ||
| 700 | _aBR | ||
| 999 |
_c298938 _d298938 |
||